Я - КАМАЗ! (Запись № 1031192)
[ простой вид ]
| 000 -МАРКЕР | |
|---|---|
| контрольное поле | 01368nam0a2200361 4500 |
| 001 - ИДЕНТИФИКАТОР ЗАПИСИ | |
| контрольное поле | RU\NLR\bibl\1678084 |
| 005 - ИДЕНТИФИКАТОР ВЕРСИИ | |
| контрольное поле | 20250616050531.0 |
| 010 ## - МЕЖДУНАРОДНЫЙ СТАНДАРТНЫЙ НОМЕР КНИГИ (ISBN) | |
| Номер (ISBN) | 978-5-91820-020-9 |
| Тираж | 1000 |
| 021 ## - НОМЕР ГОСУДАРСТВЕННОЙ РЕГИСТРАЦИИ | |
| Код страны | Российская Федерация |
| Номер | 2010-62726 |
| Номер Листа государственной регистраци | 4114 |
| 035 ## - ДРУГИЕ СИСТЕМНЫЕ НОМЕРА | |
| Идентификатор записи | (nilc)RSL-KNO-004719883 |
| 035 ## - ДРУГИЕ СИСТЕМНЫЕ НОМЕРА | |
| Идентификатор записи | (NLR Aleph) 001669307 |
| 100 ## - ДАННЫЕ ОБЩЕЙ ОБРАБОТКИ | |
| Данные общей обработки | 20100816d2010 |||y0rusy50 ca |
| 101 0# - ЯЗЫК РЕСУРСА | |
| Язык текста, звукозаписи и т.д. | русский |
| 102 ## - СТРАНА ПУБЛИКАЦИИ ИЛИ ПРОИЗВОДСТВА | |
| Страна публикации | Российская Федерация |
| 105 ## - ПОЛЕ КОДИРОВАННЫХ ДАННЫХ: ТЕКСТОВЫЕ МАТЕРИАЛЫ, МОНОГРАФИЧЕСКИЕ | |
| Кодированные данные о монографическом текстовом документе | a ||||||||| |
| 200 1# - ЗАГЛАВИЕ И СВЕДЕНИЯ ОБ ОТВЕТСТВЕННОСТИ | |
| Основное заглавие | Я - КАМАЗ! |
| Сведения, относящиеся к заглавию | четыре принципа победы |
| Первые сведения об ответственности | [Л. В. Прошак] |
| 210 ## - ПУБЛИКАЦИЯ, РАСПРОСТРАНЕНИЕ И ДР. | |
| Место издания, распространения и т.д. | Москва |
| Имя издателя, распространителя и т. д. | Паблис |
| Дата издания, распространения и т.д. | 2010 |
| 215 ## - ФИЗИЧЕСКАЯ ХАРАКТЕРИСТИКА | |
| Специфическое обозначение материала и объем | 88 с. |
| Другие сведения о физической характеристике | цв. ил., портр. |
| Размеры | 30 |
| Сопроводительный материал | 1 электрон.-опт. диск (DVD-ROM) |
| 225 1# - СЕРИЯ | |
| Основное заглавие серии | Книга проекта Наши победы! |
| 300 ## - ОБЩИЕ ПРИМЕЧАНИЯ | |
| Текст примечания | Авт. указан на 88-й с. текста |
| 601 02 - НАИМЕНОВАНИЕ ОРГАНИЗАЦИИ КАК ПРЕДМЕТ | |
| Начальный элемент ввода | "КАМАЗ-Мастер", команда |
| Идентифицирующий признак | Набережные Челны, город; Татария |
| Системный номер авторитетной/нормативной записи | 2617080 |
| Идентификатор авторитетной/нормативной записи | RU\NLR\auth\661553640 |
| 686 ## - ИНДЕКСЫ ДРУГИХ КЛАССИФИКАЦИЙ | |
| Индекс | Ч517.215.9ралли-рейд4(2Р)930я6 |
| Код системы | |
| 686 ## - ИНДЕКСЫ ДРУГИХ КЛАССИФИКАЦИЙ | |
| Индекс | О336.54-08я6 |
| Код системы | |
| 686 ## - ИНДЕКСЫ ДРУГИХ КЛАССИФИКАЦИЙ | |
| Индекс | Ч517.215.4(2)77 |
| 700 #1 - ИМЯ ЛИЦА - ПЕРВИЧНАЯ ОТВЕТСТВЕННОСТЬ | |
| Начальный элемент ввода | Прошак |
| Часть имени, кроме начального элемента ввода | Л. В. |
| Расширение инициалов личного имени | Людмила Валерьевна |
| Код отношения | Автор |
| 801 #0 - ИСТОЧНИК ЗАПИСИ | |
| Страна | Российская Федерация |
| Организация | РГБ |
| Дата составления | 20100816 |
| Правила каталогизации | rcr |
| 801 #1 - ИСТОЧНИК ЗАПИСИ | |
| Страна | Российская Федерация |
| Организация | РГБ |
| Дата составления | 20100816 |
| 801 #2 - ИСТОЧНИК ЗАПИСИ | |
| Страна | Российская Федерация |
| Организация | NLR |
| Дата составления | 20100924 |
| Правила каталогизации | rcr |
| 830 ## - ОБЩЕЕ ПРИМЕЧАНИЕ, СОСТАВЛЕННОЕ КАТАЛОГИЗАТОРОМ | |
| Текст примечания | авт. по кн. |
| 942 ## - ДОПОЛНИТЕЛЬНЫЕ ЭЛЕМЕНТЫ ЗАПИСИ (АБИС) | |
| Тип экземпляра АБИС | Книга |
| 980 ## - КОЛЛЕКЦИЯ | |
| Название коллекции | Национальная библиография |
| Тип экземпляра | Дата поступления | Источник поступления | Библиотека постоянного хранения | Библиотека текущего хранения | Место хранения | Шифр хранения | Штрих-код | Статус экземпляра |
|---|---|---|---|---|---|---|---|---|
| Книга | 24.09.2010 | Обязательный экземпляр | РНБ (Московский) | РНБ (Московский) | Русский книжный фонд: издания с 1957 года | 2010-8/2807 | 1-1191045 | |
| Книга | 24.09.2010 | Обязательный экземпляр | РНБ (Московский) | РНБ (Московский) | Русский книжный фонд: издания с 1957 года | 2010-8/2807 | 3254310 |